| 000 | 00378nam a22001457a 4500 | ||
|---|---|---|---|
| 999 |
_c1375 _d1375 |
||
| 008 | 200123b ||||| |||| 00| 0 eng d | ||
| 082 | 0 | 0 |
_a621.4 _bM884 |
| 100 |
_9851 _aMorse, Fredrick T. |
||
| 245 | 1 | 0 |
_aElements of applied energy _cby Fredrick T Morse |
| 260 |
_aToronto _bVan-Nostrand _c1950 |
||
| 300 | _aix,444p. | ||
| 365 | _d24.10 | ||
| 650 | 0 | _aHeat Engines | |
| 942 | _cBK | ||